Visualização normal
Visualização MARC
Entrada Topical Term
Número de registros usados em: 1
001 - CONTROL NUMBER
- control field: 2934
003 - CONTROL NUMBER IDENTIFIER
- control field: Br
005 - DATE AND TIME OF LATEST TRANSACTION
- control field: 20230713114112.0
008 - FIXED-LENGTH DATA ELEMENTS
- fixed length control field: 010322d|#anzn a
035 ## - SYSTEM CONTROL NUMBER
- System control number: 2001032210094210med
040 ## - CATALOGING SOURCE
- Original cataloging agency: Br
- Transcribing agency: Br
- Subject heading/thesaurus conventions: Br
150 ## - HEADING--TOPICAL TERM
- Topical term or geographic name entry element: Contos alemães
450 1# - SEE FROM TRACING--TOPICAL TERM
- Topical term or geographic name entry element: German short stories
550 1# - SEE ALSO FROM TRACING--TOPICAL TERM
- Control subfield: g
- Topical term or geographic name entry element: Ficção alemã
670 1# - SOURCE DATA FOUND
- Source citation: LCSH
750 #0 - ESTABLISHED HEADING LINKING ENTRY--TOPICAL TERM
- Topical term or geographic name entry element: Short stories, German